000 01026nas a2200301 4500
001 BR9207955
003 BR-BrBNA
005 20231205093049.0
007 ta
008 230509b bl.|||p| |||| 00| 00por d
040 _aBR-BrBNA
_bpor
_cBiblioteca Nacional de Agricultura
041 _a(Pt)
072 _aL73; L70
100 1 _aViana, F.C.
100 1 _aSilva, J.A. da
100 1 _aMoreira, E.C.
100 1 _aModena, C.M.
100 1 _aTorres, A.M.C.
245 1 _aAvaliacao tecnica da estrategia de vacinacao contra brucelose bovina com dose reduzida (amostra B-19)
246 1 _aTechnical and economic evaluation of the vaccination procedure against acute bovine brucellosis with reduced dosis (B-19)
650 _aBOVINO
650 _aBRUCELOSE
650 _aVACINA
650 _aIMUNIZACAO
773 0 _tArquivo Brasileiro de Medicina Veterinaria e Zootecnia (Brazil)
_xISSN 0102-0935
_g(Jun 1989), v. 41(3) p. 191-204
_wBR9207955
909 _a202311
_bLúcia
_c55
_dLúcia Elande
942 _2AGRIS
_n0
_cANA
999 _c135994
_d135994